Central Library OPAC University of Rajshahi

The administration of India under Lord Lansdowne, 1888-1894 / (Record no. 27183)

MARC details
000 -LEADER
fixed length control field 00892nam a22002532i 4500
001 - CONTROL NUMBER
control field 27183
003 - CONTROL NUMBER IDENTIFIER
rucl marc code BD-RjUL
005 - DATE AND TIME OF LATEST TRANSACTION
control field 20211209051125.0
008 - FIXED-LENGTH DATA ELEMENTS--GENERAL INFORMATION
fixed length control field 140324s1975 ii b 001 0 eng d
035 ## - SYSTEM CONTROL NUMBER
System control number (BD-RjUL)27255
040 ## - CATALOGING SOURCE
Original cataloging agency DLC
Transcribing agency DLC
Modifying agency EQO
-- BD-RjUL
Language of cataloging eng
041 ## - LANGUAGE CODE
Language code of text/sound track or separate title eng
082 ## - DEWEY DECIMAL CLASSIFICATION NUMBER
Classification number 954.035
Author mark and year MIA 1975
100 1# - MAIN ENTRY--PERSONAL NAME
Personal name Misra, Jagannath Prasad.
9 (RLIN) 83443
245 14 - TITLE STATEMENT
Title The administration of India under Lord Lansdowne, 1888-1894 /
Statement of responsibility, etc. J. P. Misra
260 ## - PUBLICATION, DISTRIBUTION, ETC. (IMPRINT)
Place of publication, distribution, etc. New Delhi :
Name of publisher, distributor, etc. Sterling Publishers,
Date of publication, distribution, etc. 1975.
300 ## - PHYSICAL DESCRIPTION
Pagination ix, 260 p. ;
Size 22 cm
500 ## - GENERAL NOTE
General note A revision of the author's thesis, University of Agra
504 ## - BIBLIOGRAPHY, ETC. NOTE
Bibliography, etc Includes Bibliography: p. [242]-248 and index.
600 10 - SUBJECT ADDED ENTRY--PERSONAL NAME
Personal name Lansdowne, Henry Charles Keith Petty-FitzMaurice,
Titles and other words associated with a name Marquess of,
Dates associated with a name 1845-1927.
651 #0 - SUBJECT ADDED ENTRY--GEOGRAPHIC NAME
Geographic name India
General subdivision Politics and government
Chronological subdivision 1857-1919
9 (RLIN) 83445
942 ## - ADDED ENTRY ELEMENTS (KOHA)
Source of classification or shelving scheme Dewey Decimal Classification
Koha item type Books
Holdings
Lost status Source of classification or shelving scheme Damaged status Not for loan Collection code Permanent Location Current Location Shelving location Date acquired Source of acquisition Cost, normal purchase price Total Checkouts Full call number Date last seen Copy number Koha item type
  Dewey Decimal Classification   Added to bundle Non-fiction Central Library, University of Rajshahi Central Library, University of Rajshahi Reading Room 10/05/1980 K.P. Bagchi & co. cal. 25.00   954.035 MIA 1975 24/03/2014 C-1 Books